• 首页
  • 本馆介绍
  • 公告通知
  • 最新文献
  • 馆藏检索
  • 电子资源
  • 读者导购
  • 参考咨询
  • 我的图书馆
  • 登录
  • 详细信息显示
  • 放入我的书架
  • 预约/预借图书
  • 作者相关作品
  • 分类相关作品
  • 丛书相关作品
  • 出版社相关作品

书目信息

  • 表格格式
  • 工作单格式
  • 卡片格式
题名:
群舞编导基础理论与技术技法教程
    
 
作者: 张守和 , 李玲琰 著
分册:  
出版信息: 北京   中国戏剧出版社  2020.3
页数: [31], 349页
开本: 24cm
丛书名: 现代舞基训系列教材
单 册:
中图分类: J711.3
科图分类:
主题词: 群舞--舞蹈编导--教材
电子资源:
ISBN: 978-7-104-04392-8
000 01734nam 2200349 45
001 490054
005 20211020165211.42
010    @a978-7-104-04392-8@dCNY79.00
099    @aCAL 012016126948
100    @a20160729d2016 em y0chiy0110 ea
101 0  @achi
102    @aCN@b110000
105    @aa a 000yy
106    @ar
200 1  @a群舞编导基础理论与技术技法教程@Aqun wu bian dao ji chu li lun yu ji shu ji fa jiao cheng@d= Basics of group dance choreography and techniques@f张守和, 李玲琰著@zeng
205    @a第2版
210    @a北京@c中国戏剧出版社@d2020.3
215    @a[31], 349页@c图@d24cm
225 2  @a现代舞基训系列教材@Axian dai wu ji xun xi lie jiao cai
225 2  @a编舞技法系列教材@Abian wu ji fa xi lie jiao cai
300    @a北京市市属市管高校科研基地科技创新平台项目支持 北京市教育委员会社科计划面上项目支持
320    @a有书目 (第343-346页)
330    @a本书是根据北京舞蹈学院06级现代舞编导班的群舞教学来结构的。主要分三个部分构成了本教材的基本框架:第一部分主要讲授理论层面的,第一单元主要介绍群舞编舞教学的历程以及一些理论和观点;第二部分主要讲授技法层面的,第二单元至第八单元全部都是群舞技术技法,从动机、舞句、舞段、层次、调度、画面到单双三人舞和群舞的关系;第三部分主要讲授群舞小品创作层面的,第九单元中主要从群舞小品创作的选材、构思、结构、形象、步骤五个阶段讲解,另外,还附录了结构案例、群舞教学大纲、考试说明三个内容。
461  0 @12001 @a现代舞基训系列教材
461  0 @12001 @a编舞技法系列教材
510 1  @aBasics of group dance choreography and techniques@zeng
606 0  @a群舞@x舞蹈编导@j教材
690    @aJ711.3@v5
701  0 @a张守和@Azhang shou he@4著
701  0 @a李玲琰@Ali ling yan@c(女)@4著
801    @aCN@b江苏凤凰@c20211018
905    @b1355446-9@dJ711.3@e325=2@f4
    
    群舞编导基础理论与技术技法教程= Basics of group dance choreography and techniques/张守和, 李玲琰著.-第2版.-北京:中国戏剧出版社,2020.3
    [31], 349页:图;24cm.-(现代舞基训系列教材).-(编舞技法系列教材)
    北京市市属市管高校科研基地科技创新平台项目支持 北京市教育委员会社科计划面上项目支持
    
    ISBN 978-7-104-04392-8:CNY79.00
    本书是根据北京舞蹈学院06级现代舞编导班的群舞教学来结构的。主要分三个部分构成了本教材的基本框架:第一部分主要讲授理论层面的,第一单元主要介绍群舞编舞教学的历程以及一些理论和观点;第二部分主要讲授技法层面的,第二单元至第八单元全部都是群舞技术技法,从动机、舞句、舞段、层次、调度、画面到单双三人舞和群舞的关系;第三部分主要讲授群舞小品创作层面的,第九单元中主要从群舞小品创作的选材、构思、结构、形象、步骤五个阶段讲解,另外,还附录了结构案例、群舞教学大纲、考试说明三个内容。
●
相关链接 在E读中查询图书 在五车中查询图书 在当当中查询图书 在豆瓣中查询图书


正题名:群舞编导基础理论与技术技法教程     索取号:J711.3/325=2         预约/预借

序号 登录号 条形码 馆藏地/架位号 状态 备注
1 1355446   213554465   第一样本阅览室/ [索取号:J711.3/325=2] 在馆    
2 1355447   213554474   第一借阅区/ [索取号:J711.3/325=2] 在馆    
3 1355448   213554483   第一借阅区/ [索取号:J711.3/325=2] 在馆    
4 1355449   213554492   第一借阅区/ [索取号:J711.3/325=2] 在馆    
唐山师范学院图书馆 欢迎您!
大连网信软件有限公司© 版权所有